Open Data Biblioteca Nacional de Portugal


República Portuguesa: Ministério da Cultura
Biblioteca Nacional de Portugal

Catálogo da BNP: acesso por Identificadores Unívocos
Registos Bibliográficos associados ao registo de autoridade

Etiqueta de registo: 00230nlm 2200025 450
001 1874948
003 http://id.bnportugal.gov.pt/bib/catbnp/1874948
100 ## $a20140602d2011 k y0pory01030103ba
101 0# $aeng
102 ## $aES
106 ## $as
200 1# $aEstudio de la resistencia a quinolonas y cefalosporinas en cepas del género Salmonella aisladas de casos clínicos$bRecurso eletrónico]$dStudy of the resistance to quinolones and cephalosporins in Salmonella isolates from human clinical cases$fMaria Jorge Geraldes Campos$gorient. Segundo Píriz Durán, Alberto Quesada Molina, Santiago Vadillo Machota$zeng
210 #9 $aCarceres$c[s.n.],$d2011
215 ## $a1 disco ótico (CD-ROM) em caixa$d9 x 10 x 1 cm
304 ## $aTít. retirado do primeiro ecrã informativo
320 ## $aContém bibliografia
328 #1 $aTese dout. Conocimiento de Sanidad Animal, Facultad de Veterinaria, Univ. de Extramadura, 2011
510 1# $aStudy of the resistance to quinolones and cephalosporins in Salmonella isolates from human clinical cases$zeng
675 ## $a579.62(043)(0.034)$vBN$zpor$31483056
675 ## $a577.18(043)(0.034)$vBN$zpor$31579455
700 #1 $aCampos,$bMaria Jorge Geraldes$31575874
702 #1 $aVadillo Machota,$bSantiago$4727$31575880
702 #1 $aQuesada Molina,$bAlberto$4727$31575878
702 #1 $aPíriz Durán,$bSegundo$4727$31575876
801 #0 $aPT$bBN$gRPC
966 ## $lBN$mDEM$sS.A. 55922 P.$x1

Etiqueta de registo: 00254nam 2200025 450
001 2284510
003 http://id.bnportugal.gov.pt/bib/catbnp/2284510
100 ## $a20260415d2025 k y0pory01030103ba
101 0# $aeng$dpor
102 ## $aPT
105 ## $aa m 000yy
106 ## $ar
200 1# $aEnvironmental DNA (eDNA) optimization and application to assist fisheries resources management and genetic population structure study of the Iberian Sardina pilchardus$fMarco Aurélio Dias Simões$gsupervisor Agostinho Antunes, Maria Jorge Geraldes Campos
210 #9 $aPorto$c[s.n.],$d2025
215 ## $aXXIII, 205 p.$cil.$d30 cm
300 ## $aAcesso não autorizado pelo período de 10 anos
328 #1 $aTese dout. Biology, Faculdade de Ciências, Universidade do Porto, 2025
700 #1 $aSimões,$bMarco Aurélio Dias$31995865
702 #1 $aAntunes,$bAgostinho$4727$31051852
702 #1 $aCampos,$bMaria Jorge Geraldes$4727$31575874
801 #0 $aPT$bBN$gRPC
966 ## $lBN$mFGMON$x1
971 ## $cssilva$d20260415

OpendataBNP@bnportugal.pt | Mais informação sobre acesso aos dados BNP